|
|
|
|
| LEADER |
02483nam a22004455i 4500 |
| 001 |
978-3-540-27410-0 |
| 003 |
DE-He213 |
| 005 |
20151204145535.0 |
| 007 |
cr nn 008mamaa |
| 008 |
100301s2005 gw | s |||| 0|eng d |
| 020 |
|
|
|a 9783540274100
|9 978-3-540-27410-0
|
| 024 |
7 |
|
|a 10.1007/b139044
|2 doi
|
| 040 |
|
|
|d GrThAP
|
| 050 |
|
4 |
|a QA76.76.O63
|
| 072 |
|
7 |
|a UL
|2 bicssc
|
| 072 |
|
7 |
|a COM046000
|2 bisacsh
|
| 082 |
0 |
4 |
|a 005.43
|2 23
|
| 100 |
1 |
|
|a Weitershausen, Philipp von.
|e author.
|
| 245 |
1 |
0 |
|a Web Component Development with Zope 3
|h [electronic resource] /
|c by Philipp von Weitershausen.
|
| 264 |
|
1 |
|a Berlin, Heidelberg :
|b Springer Berlin Heidelberg,
|c 2005.
|
| 300 |
|
|
|a XIV, 467 p. 39 illus.
|b online resource.
|
| 336 |
|
|
|a text
|b txt
|2 rdacontent
|
| 337 |
|
|
|a computer
|b c
|2 rdamedia
|
| 338 |
|
|
|a online resource
|b cr
|2 rdacarrier
|
| 347 |
|
|
|a text file
|b PDF
|2 rda
|
| 505 |
0 |
|
|a Beginner -- Installing Zope -- The Zope 3 Component Architecture -- Interfaces -- Content Components -- Persistency -- Presenting components on the web -- Intermediate -- Customizing a site’s layout -- Internationalization -- Adapters -- Automated testing -- Views -- Metadata -- Containers -- Expert -- Events -- Vocabularies -- Sites -- Security -- Authentication and user management.
|
| 520 |
|
|
|a New Zope 3 is a web applications server written in Python that allows developing complex web applications rapidly and collaboratively. Zope 3 is the successor to the successful version 2. After an introduction to the key concepts of Zope, a sample application is built and extended subsequently. The book is targeted towards developers familiar with the web and web technologies. Special sections for Zope 2 developers cover the basic differences to the predecessor. The concepts of Zope 3 and its component architecture are explained thoroughly, continually accompanied by a demo application.
|
| 650 |
|
0 |
|a Computer science.
|
| 650 |
|
0 |
|a Software engineering.
|
| 650 |
|
0 |
|a Operating systems (Computers).
|
| 650 |
1 |
4 |
|a Computer Science.
|
| 650 |
2 |
4 |
|a Operating Systems.
|
| 650 |
2 |
4 |
|a Software Engineering/Programming and Operating Systems.
|
| 650 |
2 |
4 |
|a Information Systems Applications (incl. Internet).
|
| 710 |
2 |
|
|a SpringerLink (Online service)
|
| 773 |
0 |
|
|t Springer eBooks
|
| 776 |
0 |
8 |
|i Printed edition:
|z 9783540223597
|
| 856 |
4 |
0 |
|u http://dx.doi.org/10.1007/b139044
|z Full Text via HEAL-Link
|
| 912 |
|
|
|a ZDB-2-SCS
|
| 950 |
|
|
|a Computer Science (Springer-11645)
|